| 000 | 00521nam a2200145Ia 4500 | ||
|---|---|---|---|
| 008 | 170221s9999 xx 000 0 und d | ||
| 100 | _aChien-Chung Chen | ||
| 245 | _aEmpirical examination of sales research: Meta-analysis, social network and nomological network analyses | ||
| 245 | _cChien-Chung Chen, New Mexico Highlands University. | ||
| 260 | _bJournal of Management and Marketing Research | ||
| 260 | _c2012 | ||
| 300 | _a32 : 19 | ||
| 650 | _xBusiness | ||
| 856 | _uhttp://www.aabri.com/manuscripts/152363.pdf | ||
| 999 |
_c311404 _d311404 |
||